عرض عادي
عرض مارك
- العصفور، عبد المحسن
مدخل إسم شخص
001 - رقم الضبط
- حقل الضبط: 53299
003 - معرف رقم الضبط
- حقل الضبط: OSt
005 - تاريخ ووقت أخر عملية
- حقل الضبط: 20160203114216.0
008 - عناصر بيانات ثابتة الطول
- حقل تحكم ثابت الطول: 160203|| aca||aabn | a|a d
040 ## - مصدر الفهرسة
- هيئة الفهرسة الأصلية: OSt
- وكالة الكتابة: OSt
100 ## - مدخل -- أسم شخص
- إسم شخص: العصفور، عبد المحسن
670 ## - بيانات المصدر موجوده
- الاستشهاد بالمصدر: Work cat.: (OSt): العصفور، عبد المحسن, المربي :, 2014
